000 00330nam a2200145Ia 4500
008 150201s2004 xx 000 0 und d
082 _a610.7368
_bP04B
100 _aBHATIA , M.S.
245 _aPSYCHIATRIS NURSING
250 _a3RD
260 _bCBS
_aDELHI
_c2004
300 _a319
650 _aPSYCHIATRY
942 _2ddc
_cBK
_04
999 _c1886
_d1886